Giáo trình đảm bảo chất lượng và an toàn thực phẩm. Tập 1

שמור ב:
מידע ביבליוגרפי
פורמט: Sách
שפה:Undetermined
יצא לאור: Đại học Công nghiệp TP. Hồ Chí Minh 2022
נושאים:
תגים: הוספת תג
אין תגיות, היה/י הראשונ/ה לתייג את הרשומה!
Thư viện lưu trữ: Trung tâm Thư viện - Trường Đại học Công nghiệp TP. Hồ Chí Minh
LEADER 00501nam a2200133Ia 4500
001 UIH_00210
008 230809s9999 xx 000 0 und d
082 |a 664 
245 0 |a Giáo trình đảm bảo chất lượng và an toàn thực phẩm. Tập 1 
260 |b Đại học Công nghiệp TP. Hồ Chí Minh 
260 |c 2022 
650 |a Vệ sinh thực phẩm; 
927 |a Sách 
980 |a Trung tâm Thư viện - Trường Đại học Công nghiệp TP. Hồ Chí Minh